Les tontons flingueurs : Film - Statistiques

Statistiques générales
  • Ce quiz a été pris 52 fois
  • Le résultat moyen est 14 sur 15
Statistiques - réponses
Question Réponse % Correct
Selon Fernand à quoi reconnait on les c....? Ca ose tout
100%
Quel role joue Lino Ventura? Fernand Naudin
100%
Quel acteur joue Maitre Folace? Francis Blanche
100%
Quel est le surnom de la fameure LULU de Saigon? La nantaise
100%
Quel rôle joue Claude Rich? Le fiancé de Patricia
100%
Qui a écrit les savoureux dialogues de ce film ? Michel Audiard
100%
Comment se nomme la nièce dont Fernand doit s'occuper à la mort de son père ? Patricia
100%
Quel rôle jour Bernard Blier? Raoul Volfoni
100%
Quel surnom de truand porte Charles Regnier dans le film? Tomate
94%
Madame Mado est? Une tenancière de maison close
94%
Quelle phrase est tirée de la fameuse scène de la cuisine et de l'alcool C'est du brutal
89%
« C’est curieux chez les ??? ce besoin de faire des phrases. » Marins
89%
Qui est le majordome des tontons des flingueurs ? Robert Dalban
89%
Quels fruits ne cite pas Jean Volvoni pour savoir ce qu'il y dans l'alcool qu'ils boivent? Cerise
83%
Quel est le Prénom du père d'Antoine ? Adolphe Amédée
44%
Aucun quiz correspondant
Distribution des résultats
% des personnes avec chaque résultat
Percentile par nombre de réponses
Votre historique - résultats
Vous n’avez pas pris ce quiz